The Availability of Micro Finance programs on Selected Bans In Digos City. (Record no. 6351)
[ view plain ]
| 000 -LEADER | |
|---|---|
| fixed length control field | 00653nam a22001577a 4500 |
| 008 - FIXED-LENGTH DATA ELEMENTS--GENERAL INFORMATION | |
| fixed length control field | 170307b xxu||||| |||| 00| 0 eng d |
| 082 ## - DEWEY DECIMAL CLASSIFICATION NUMBER | |
| Edition number | 2016 |
| Classification number | UT 0679 |
| Item number | H42 |
| 100 ## - MAIN ENTRY--PERSONAL NAME | |
| 9 (RLIN) | 19073 |
| Personal name | Hermosisima, Prince Segmond L. |
| 245 ## - TITLE STATEMENT | |
| Title | The Availability of Micro Finance programs on Selected Bans In Digos City. |
| Statement of responsibility, etc. | Prince Segmond L. Hermosisima, Mary Grace N. Bravo and Jonnar S. Juntilla. |
| 300 ## - PHYSICAL DESCRIPTION | |
| Extent | 53 pages; |
| Other physical details | 29 cm. |
| 650 #0 - SUBJECT ADDED ENTRY--TOPICAL TERM | |
| 9 (RLIN) | 19074 |
| Topical term or geographic name as entry element | Business Administration |
| Form subdivision | Financial Management |
| General subdivision | Undergraduate Thesis. |
| 700 ## - ADDED ENTRY--PERSONAL NAME | |
| 9 (RLIN) | 19075 |
| Personal name | Hermosisima, Prince Segmond L. |
| 700 ## - ADDED ENTRY--PERSONAL NAME | |
| 9 (RLIN) | 19076 |
| Personal name | Bravo, Mary Grace N. |
| 700 ## - ADDED ENTRY--PERSONAL NAME | |
| 9 (RLIN) | 19077 |
| Personal name | Juntilla, Jonnar S. |
| 942 ## - ADDED ENTRY ELEMENTS (KOHA) | |
| Source of classification or shelving scheme | Dewey Decimal Classification |
| Koha item type | Undergraduate Thesis |
| Withdrawn status | Lost status | Source of classification or shelving scheme | Damaged status | Not for loan | Home library | Current library | Date acquired | Total Checkouts | Full call number | Barcode | Date last seen | Price effective from | Koha item type |
|---|---|---|---|---|---|---|---|---|---|---|---|---|---|
| Dewey Decimal Classification | UM Digos College - LIC | UM Digos College - LIC | 11/07/2016 | UT 0679 H42 2016 | UT0679 | 03/07/2017 | 03/07/2017 | Undergraduate Thesis |
